000 00404nam a2200145Ia 4500
008 220217s9999||||xx |||||||||||||| ||und||
020 _a9788131802557
082 _a621.4 RAJ
100 _aRajput R.K
_93460
245 0 _aTextbook of power plant engineering
250 _a4th
260 _aLaxmi publications
_bNew Delhi
_c2015
300 _aXVI, 1102p.
_b850
650 _aPOWER PLANT ENGINEERING
999 _c186797
_d186797